| 000 | 01233nam a2200253Ia 4500 | ||
|---|---|---|---|
| 999 |
_c45646 _d45646 |
||
| 001 | 12472 | ||
| 003 | GE_BSU | ||
| 005 | 20240710154725.0 | ||
| 008 | 181216s2003||||ge |||||||||||||| ||geo|| | ||
| 040 | _cGE_BSU | ||
| 041 | _ageo | ||
| 080 | _a517(042.4) მ-43 | ||
| 100 |
_aმახარაძე, შოთა _92482 |
||
| 245 |
_aუმაღლესი მათემატიკა : _b(ლექციების კურსი) / _cშოთა მახარაძე, გივი ნოღაიდელი ; [რედ. : დურსუნ ბალაძე, ივერი კაკუბავა]. |
||
| 264 |
_aბათუმი: _bაჭარა, _c2003. |
||
| 300 |
_a433 გვ. ; _b21 სმ. |
||
| 504 | _aბიბლიოგრ. : გვ. 423 | ||
| 520 | _aგვაჩუქა შოთა მახარაძემ 17/11/2014 | ||
| 653 | _aუმაღლესი მათემატიკა | ||
| 700 |
_aნოღაიდელი, გივი _eავტორი _920353 |
||
| 700 |
_eბალაძე, დურსუნ _dრედაქტორი _922793 |
||
| 700 |
_aკაკუბავა, ივერი _dრედაქტორი _922794 |
||
| 942 |
_cBK _2udc |
||